00646nam a2200157 a 450000100100000000500170001000800410002704000250006808200160009310000390010924500650014826000460021330000210025995201910028099900170047100004629120240305090729.0150715s1988 dr 000 0 spa d aDO-SdBNPbspacBNPHU axxxxbF825h1 aFranco, Franklin J.,d1936-93441710aHaiti :bde desalines a nuestros dias /cFranklin J. Franco. aSanto Domingo :bEditora Nacional,c1988. a140 p. ;c21 cm. 0010718PDaPDbPDcCTd2015-07-15iLF1l0oxxxx F825hp46291-10r2020-06-25w2020-06-25yLFPDzPerteneció a la bilblioteca personal de Chiqui Vicioso Fidelio Despradel.ZNo se presta c45780d45780